000 00519nam a2200193Ia 4500
003 LDD
008 181029s9999 xx 000 0 und d
020 _a8180300188
_c300.00
040 _cLDD
100 _aDhawan, D. K.
245 0 _aProblems in optics
_cD. K. Dhawan
260 _aNew Delhi
_bCampus
_c2006
300 _av, 173p.
365 _b300.00
901 _a3395
_b11-10-2005
902 _a48904
_b26-12-2006
_cF
_dHBA
_e53
903 _aDiscount-10
_bReqst by : Jha, Sudip Ranjan (Dr.)
942 _2ddc
_cBK
999 _c76995
_d76995